How to Train your Dragon Dragons - Statistics

General Stats
  • This quiz has been taken 924 times
    920 since last reset
  • The average score is 14 of 44
Answer Stats
Key Characteristic Answer % Correct
Shoots purple bolts of energy Night Fury
97%
Eats rocks and barfs them back up into lava Gronckle
90%
Shoots spines from tail Deadly Nadder
87%
Can set itself on fire Monstrous Nightmare
83%
Has rotating teeth in a circle mouth Whispering death
79%
Lures dragons in by singing Death Song
73%
Can make it hard for you to hear Thunderdrum
67%
Dragons with two heads Zippleback
59%
Can turn invisible Changewing
57%
Shoots burning water Scauldron
53%
Breathes paralyzing gases and glows Flightmare
49%
Shoots lightning bolt, cannot fire in water Skrill
45%
Alpha dragon Bewilderbeast
44%
Has three scorpion-like tails Triple Stryke
39%
Little dragons forming one big dragon Night Terrors
38%
Tracker dragon that destroys everything Rumblehorn
38%
Shoots fire tornados Typhoomerang
37%
Has two heads and lives in water Sea Shocker
35%
Made of bones Boneknapper
32%
Seals metal onto its body for protection Armorwing
30%
Tail can slice through anything Razorwhip
24%
Velociraptor-like dragons Speed Stingers
24%
Huge dragon that lives on Dark Deep Quaken
20%
Little messenger dragons Terrible Terrors
20%
Has four wings, Valka's dragon Stormcutter
19%
Tiny and follows queen Fireworms
18%
Four wings and shoots fire from tail, mouth, and stomach Singetail
18%
Inflates when it leaves its island and extremely rare Buffalord
17%
Snake-like dragons Slitherwings
16%
The dragon's tooth unlocks the dragon eye Snow Wraith
14%
Can turn invisible and shoot any dragon's power Dramillion
13%
Lives in water and fires huge blue fireballs Shellfire
13%
Attracted to shiny things Smothering Smokebreaths
12%
Can shake mucas-like liquid and flatten its bones Cavern Crasher
11%
Four heads and is mystery class Snaptrapper
10%
Dragon that barfs lava, not gronckle Eruptodon
8%
Weird dragons that are bad omens Hobgobblers
8%
Has what looks like a mace its tail Snafflefang
6%
Makes whirlpools and natural enemy of above Submarriper
6%
Has giant moose antlers Crimson Gorecutter
4%
Looks like a mini nadder Scuttleclaw
4%
Combination of slitherwings and death songs Slithersongs
4%
Dragon with multiple legs Thunderpede
4%
Doesn't have limbs and lives in forests Timberjacks
3%
No matching quizzes found
Score Distribution
Percent of People with Each Score
Percentile by Number Answered
Your Score History
You have not taken this quiz since the last reset